Geografía de plantas y animales de Chile

Guardat en:
Dades bibliogràfiques
Autor principal: Hernández, Silvia (Autor)
Format: Llibre
Idioma:espanyol
Publicat: Santiago Universitaria 1970
Col·lecció:Cormorán manuales y monografías, 8
Matèries:
Etiquetes: Afegir etiqueta
Sense etiquetes, Sigues el primer a etiquetar aquest registre!

MARC

LEADER 00000nam a2200000 a 4500
001 UCU4077
003 CL-VaPUC
008 960517e19700000CL |||||||||||||||||spa|d
082 0 4 |a 591.983  |b HER  |2 21 
100 |a Hernández, Silvia  |e author  |9 361486 
245 1 0 |a Geografía de plantas y animales de Chile 
300 |a 212 p 
942 |c BK 
945 |d 19960517 00:00:00  |a paguirre 
260 |a Santiago  |b Universitaria  |c 1970 
650 0 |a Zoogeografía  |9 261803 
650 7 |a FITOGEOGRAFIA  |2 CL-VaPUC  |9 264646 
650 0 |a Animales   |9 269820 
650 0 |a Plantas  |9 264555 
650 0 |a Recursos vegetales  |9 356886 
651 7 |a CHILE  |2 CL-VaPUC  |9 361487 
583 |a last modification  |c 19960517 00:00:00  |k Rodrigo Vera 
490 0 |a Cormorán manuales y monografías, 8 
999 |c 247902  |d 247900 
952 |0 0  |1 0  |4 0  |6 591_983000000000000_HER_1970  |7 0  |8 A  |9 264126  |a BIBING  |b BIBING  |d 2019-11-19  |i 1659022  |o 591.983 HER 1970  |p 1659022  |r 2025-01-20  |w 2019-11-19  |y BK  |k GEO 
952 |0 0  |1 0  |4 0  |6 591_983000000000000_HER_1970  |7 0  |8 P  |9 264127  |a BIBDER  |b BIBDER  |d 2019-11-19  |i 4122526  |o 591.983 HER 1970  |p 4122526  |r 2023-01-25  |w 2019-11-19  |y BK  |k DER